书目信息 |
| 题名: |
古代民歌一百首
|
|
| 作者: | 商礼群 著 | |
| 分册: | ||
| 出版信息: | 上海 上海古籍出版社 1979 |
|
| 页数: | 139页 | |
| 开本: | 19cm | |
| 丛书名: | ||
| 单 册: | ||
| 中图分类: | I276.2 , I222 | |
| 科图分类: | ||
| 主题词: | 民歌--中国--古代--选集 , 诗歌--中国 , 韵文--中国 | |
| 电子资源: | ||
| ISBN: | ||
| 000 | 00687nam0 2200265 450 | |
| 001 | 1548307181 | |
| 005 | 20150125140048.40 | |
| 010 | @dCNY0.35 | |
| 091 | @a10186.120 | |
| 100 | @a19950810d1979 em y0chiy0110 ea | |
| 101 | 0 | @achi |
| 102 | @aCN@b310000 | |
| 105 | @ay z 000gy | |
| 200 | 1 | @a古代民歌一百首@9gu dai min ge yi bai shou@f商礼群著 |
| 210 | @a上海@c上海古籍出版社@d1979 | |
| 215 | @a139页@d19cm | |
| 300 | @a中国古典文学作品选读 | |
| 606 | 0 | @a民歌@y中国@z古代@x选集 |
| 606 | 0 | @a诗歌@x中国 |
| 606 | 0 | @a韵文@x中国 |
| 690 | @aI276.2@v5 | |
| 690 | @aI222@v4 | |
| 701 | 0 | @a商礼群@9shang li qun@4著 |
| 801 | 0 | @aCN@bTSSF@c20150125 |
| 905 | @aZUCC@dI222@eJY10 | |
| 古代民歌一百首/商礼群著.-上海:上海古籍出版社,1979 |
| 139页;19cm |
| 中国古典文学作品选读 |
| ISBN :CNY0.35 |
| ● |
| 相关链接 |
|
|
|
|
正题名:古代民歌一百首
索取号:I222/JY10
 
预约/预借
| 序号 | 登录号 | 条形码 | 馆藏地/架位号 | 状态 | 备注 |
| 1 | 7847290 | 278472902 | 学院路分馆/ [索取号:I222/JY10] | 在馆 | |
| 2 | 7847291 | 278472911 | 学院路分馆/ [索取号:I222/JY10] | 在馆 | |
| 3 | 7847292 | 278472920 | 学院路分馆/ [索取号:I222/JY10] | 在馆 | |
| 4 | 7854837 | 278548378 | 学院路分馆/ [索取号:I222/JY10] | 在馆 |